| 000 | 00618nam a2200181Ia 4500 | ||
|---|---|---|---|
| 008 | 090630s9999 xx 000 0 und d | ||
| 082 | _b1230 | ||
| 100 | _aदेवळे श. रा. | ||
| 245 |
_aभारताच्या ललाटरेषा. _cदेवळे श. रा. |
||
| 260 |
_bसुविचार. _c1964 |
||
| 300 | _a96 | ||
| 600 | _aदेवळे श. रा. | ||
| 630 | _aभारताच्या ललाटरेषा. | ||
| 655 | _aइतर. | ||
| 700 | _aदेवळे श. रा. | ||
| 730 | _aभारताच्या ललाटरेषा. | ||
| 942 | _cBOOK | ||
| 999 |
_c253086 _d253086 |
||